<?xml version="1.0" encoding="UTF-8"?>
<record
    xmlns:xsi="http://www.w3.org/2001/XMLSchema-instance"
    xsi:schemaLocation="http://www.loc.gov/MARC21/slim http://www.loc.gov/standards/marcxml/schema/MARC21slim.xsd"
    xmlns="http://www.loc.gov/MARC21/slim">

  <leader>00844nam0a22002411  4500</leader>
  <controlfield tag="001">rc\2751192</controlfield>
  <controlfield tag="005">20260407050825.0</controlfield>
  <datafield tag="035" ind1=" " ind2=" ">
    <subfield code="a">(NLR Aleph) 006878093</subfield>
  </datafield>
  <datafield tag="090" ind1=" " ind2=" ">
    <subfield code="a">7018200</subfield>
    <subfield code="c">7018200</subfield>
  </datafield>
  <datafield tag="100" ind1=" " ind2=" ">
    <subfield code="a">20110915d1939    |||y0rusy50      ca</subfield>
  </datafield>
  <datafield tag="101" ind1="0" ind2=" ">
    <subfield code="a">rus</subfield>
  </datafield>
  <datafield tag="102" ind1=" " ind2=" ">
    <subfield code="a">RU</subfield>
  </datafield>
  <datafield tag="105" ind1=" " ind2=" ">
    <subfield code="a">y   c   |||||</subfield>
  </datafield>
  <datafield tag="200" ind1="1" ind2=" ">
    <subfield code="a">&#x420;&#x435;&#x448;&#x435;&#x43D;&#x438;&#x44F; XVIII &#x441;&#x44A;&#x435;&#x437;&#x434;&#x430; &#x412;&#x41A;&#x41F;(&#x431;) - &#x411;&#x43E;&#x435;&#x432;&#x430;&#x44F; &#x43F;&#x440;&#x43E;&#x433;&#x440;&#x430;&#x43C;&#x43C;&#x430; &#x440;&#x430;&#x431;&#x43E;&#x442;&#x44B; &#x43F;&#x440;&#x43E;&#x444;&#x441;&#x43E;&#x44E;&#x437;&#x43E;&#x432;</subfield>
    <subfield code="e">&#x41A;&#x440;&#x430;&#x442;&#x43A;&#x438;&#x439; &#x443;&#x43A;&#x430;&#x437;&#x430;&#x442;&#x435;&#x43B;&#x44C; &#x43B;&#x438;&#x442;&#x435;&#x440;&#x430;&#x442;&#x443;&#x440;&#x44B;</subfield>
    <subfield code="f">&#x41D;&#x430;&#x443;&#x447;. &#x431;-&#x43A;&#x430; &#x412;&#x426;&#x421;&#x41F;&#x421;</subfield>
  </datafield>
  <datafield tag="210" ind1=" " ind2=" ">
    <subfield code="a">&#x41C;&#x43E;&#x441;&#x43A;&#x432;&#x430;</subfield>
    <subfield code="c">&#x41F;&#x440;&#x43E;&#x444;&#x438;&#x437;&#x434;&#x430;&#x442;</subfield>
    <subfield code="d">1939</subfield>
  </datafield>
  <datafield tag="215" ind1=" " ind2=" ">
    <subfield code="a">13, [3] &#x441;.</subfield>
    <subfield code="d">15 &#x441;&#x43C;.</subfield>
  </datafield>
  <datafield tag="710" ind1="0" ind2="2">
    <subfield code="a">&#x412;&#x426;&#x421;&#x41F;&#x421;</subfield>
    <subfield code="b">&#x41D;&#x430;&#x443;&#x447;&#x43D;&#x430;&#x44F; &#x431;&#x438;&#x431;&#x43B;&#x438;&#x43E;&#x442;&#x435;&#x43A;&#x430;</subfield>
    <subfield code="3">RU\NLR\AUTH\8810019972</subfield>
    <subfield code="9">537984</subfield>
  </datafield>
  <datafield tag="801" ind1=" " ind2="0">
    <subfield code="a">RU</subfield>
    <subfield code="b">NLR</subfield>
    <subfield code="g">psbo</subfield>
  </datafield>
  <datafield tag="801" ind1=" " ind2="1">
    <subfield code="a">RU</subfield>
    <subfield code="b">ELAR</subfield>
    <subfield code="2">rusmarc</subfield>
  </datafield>
  <datafield tag="852" ind1=" " ind2=" ">
    <subfield code="a">NLR</subfield>
    <subfield code="j">&#x421;411-2-420/&#x41C;-90</subfield>
  </datafield>
  <datafield tag="942" ind1=" " ind2=" ">
    <subfield code="c">BOOK</subfield>
  </datafield>
  <datafield tag="980" ind1=" " ind2=" ">
    <subfield code="a">NB</subfield>
  </datafield>
  <datafield tag="995" ind1=" " ind2=" ">
    <subfield code="5">2023-10-31</subfield>
    <subfield code="b">NLR01</subfield>
    <subfield code="c">NLR01</subfield>
    <subfield code="e">CSB</subfield>
    <subfield code="f">1-4363727</subfield>
    <subfield code="k">&#x421;411-2-420/&#x41C;-90</subfield>
    <subfield code="o">0</subfield>
    <subfield code="r">BOOK</subfield>
    <subfield code="s">411242090_</subfield>
  </datafield>
  <datafield tag="995" ind1=" " ind2=" ">
    <subfield code="5">2023-10-31</subfield>
    <subfield code="b">NLR01</subfield>
    <subfield code="c">NLR01</subfield>
    <subfield code="e">CSB</subfield>
    <subfield code="f">1-4363728</subfield>
    <subfield code="k">&#x421;411-2-420/&#x41C;-90</subfield>
    <subfield code="o">0</subfield>
    <subfield code="r">BOOK</subfield>
    <subfield code="s">411242090_</subfield>
  </datafield>
</record>
